Numerical computational methods (Record no. 63770)

000 -LEADER
fixed length control field 00505nam a22001937a 4500
003 - CONTROL NUMBER IDENTIFIER
control field NUST - PNEC
005 - DATE AND TIME OF LATEST TRANSACTION
control field 20170116180822.0
008 - FIXED-LENGTH DATA ELEMENTS--GENERAL INFORMATION
fixed length control field 150623b xxu||||| |||| 00| 0 eng d
020 ## - INTERNATIONAL STANDARD BOOK NUMBER
International Standard Book Number 8173194343
040 ## - CATALOGING SOURCE
Transcribing agency LIBRARY
082 ## - DEWEY DECIMAL CLASSIFICATION NUMBER
Classification number 512 PAT
100 ## - MAIN ENTRY--PERSONAL NAME
9 (RLIN) 4163
Personal name Patil, P.B.
245 ## - TITLE STATEMENT
Title Numerical computational methods
Statement of responsibility, etc. P.B. Patil
250 ## - EDITION STATEMENT
Edition statement -
260 ## - PUBLICATION, DISTRIBUTION, ETC.
Place of publication, distribution, etc. New Delhi
Name of publisher, distributor, etc. Narosa Publishhing House
Date of publication, distribution, etc. c2006.
300 ## - PHYSICAL DESCRIPTION
Extent 669 p. :
650 ## - SUBJECT ADDED ENTRY--TOPICAL TERM
9 (RLIN) 4164
Topical term or geographic name entry element Numerical Analysis
General subdivision General
942 ## - ADDED ENTRY ELEMENTS (KOHA)
Source of classification or shelving scheme
Koha item type Book
Holdings
Withdrawn status Lost status Source of classification or shelving scheme Damaged status Not for loan Permanent Location Current Location Shelving location Date acquired Source of acquisition Cost, normal purchase price Total Checkouts Full call number Barcode Date last seen Date last checked out Cost, replacement price Price effective from Koha item type
          Pakistan Navy Engineering College (PNEC) Pakistan Navy Engineering College (PNEC)   03/10/2007 Progressive International Agency / Library / Reference Grant 640.00 1 512 PAT PNECLIB-028132 05/23/2016 04/21/2016 640.00 03/10/2007 Book
© 2023 Central Library, National University of Sciences and Technology. All Rights Reserved.